| 000 | 00433cam a22001571 4500 | ||
|---|---|---|---|
| 040 | _cDLC | ||
| 082 | 0 | 0 | _a530 HIL 1953 A109 Or. |
| 100 | 1 | _aMorse, Philip M. | |
| 245 | 1 | 0 | _aMethods of theoretical physics |
| 260 |
_aNew York, _bMcGraw-Hill, _c1953. |
||
| 300 |
_a2 v. _billus. _c24 cm. |
||
| 490 | 0 | _aInternational series in pure and applied physics | |
| 650 | 0 | _aMathematical physics. | |
| 700 | 1 | _aFeshbach, Herman, | |
| 942 | _cEK | ||
| 999 |
_c16635 _d16635 |
||